000 01189nam a2200229Ia 4500
001 L871-38279
003 IT-CnALBA
008 170116s9999||||xx |||||||||||||| ||und||
040 _aIT-CnALBA
_cIT-CnALBA
041 _aLATINO
100 _aSENECA L. ANNEO
245 0 _aPAGINA DI VITA E DI CULTURA ROMANA.
250 _a1a ed.
260 _a TO BO CT PA
_bSOCIETÀ ED. INTER.
_c1954 [1° Ed.: n.d.]
300 _a125 p. (prefazione: 32)
500 _aINTRODUZIONE E COMMENTO DI D'AGOSTINO V. RISTAMPA. VITA DELL'AUTORE. IL PROGRESSO MORALE. LA GINNASTICA. I SATURNALI. IL BENE. PADRONI E SCHIAVI. LA MORTE DEI FORTI. RASSEGNAZIONE AL VOLERE DI DIO. L'ESILIO. CLEMENZA DI AUGUSTO. VANE OCCUPAZIONI. BENEFICI
501 _aSocietà San Paolo EM - Piazza San Paolo, 14 - 12051 ALBA (CN) (non commercial uses only) ® Copyright 2017
520 _aINTRODUZIONE E COMMENTO DI D'AGOSTINO V. RISTAMPA. VITA DELL'AUTORE. IL PROGRESSO MORALE. LA GINNASTICA. I SATURNALI. IL BENE. PADRONI E SCHIAVI. LA MORTE DEI FORTI. RASSEGNAZIONE AL VOLERE DI DIO. L'ESILIO. CLEMENZA DI AUGUSTO. VANE OCCUPAZIONI. BENEFICI
650 _aPROSE E POESIA LATINA
942 _cBK
957 _71
999 _a43050
_bNO
_g Copie: 1
_c297085
_d297085